Records de points sur un match en NBA - Statistiques

Statistiques générales
  • Ce quiz a été pris 185 fois
  • Le résultat moyen est 20 sur 27
Statistiques - réponses
Indice Réponse % Correct
81 Kobe Bryant
93%
65 Kobe Bryant
93%
78 Wilt Chamberlain
92%
72 Wilt Chamberlain
92%
67 Wilt Chamberlain
92%
73 Wilt Chamberlain
92%
70 Wilt Chamberlain
92%
66 Wilt Chamberlain
92%
65 Wilt Chamberlain
92%
65 Wilt Chamberlain
92%
100 Wilt Chamberlain
92%
73 Wilt Chamberlain
92%
68 Wilt Chamberlain
92%
67 Wilt Chamberlain
92%
67 Wilt Chamberlain
92%
67 Wilt Chamberlain
92%
65 Wilt Chamberlain
92%
69 Michael Jordan
72%
73 Luka Dončić
68%
70 Devin Booker
63%
70 Joel Embiid
55%
71 Donovan Mitchell
54%
71 Damian Lillard
48%
71 David Robinson
32%
73 David Thompson
29%
71 Elgin Baylor
20%
68 Pete Maravich
8%
Aucun quiz correspondant
Distribution des résultats
% des personnes avec chaque résultat
Percentile par nombre de réponses
Votre historique - résultats
Vous n’avez pas pris ce quiz